Идеологическая работа и социальное творчество масс: тенденции и задачи перестройки массового сознания

Detalles Bibliográficos
Autor Corporativo: Академия общественных наук при ЦК КПСС
Outros autores: Коробейников А. А. (редактор)
Summary:Исключено из фонда НТБ ТПУ
Idioma:ruso
Publicado: Москва, Мысль, 1989
Formato: MixedMaterials Libro
KOHA link:https://koha.lib.tpu.ru/cgi-bin/koha/opac-detail.pl?biblionumber=252927

MARC

LEADER 00000nam0a2200000 4500
001 252927
005 20231101232809.0
010 |a 5244001329 
020 |a RU  |b 89-37411 
035 |a (RuTPU)RU\TPU\book\275293 
090 |a 252927 
100 |a 20140306d1989 k a0rusy5003 ca 
101 0 |a rus 
102 |a RU 
105 |a y z 001zy 
200 1 |a Идеологическая работа и социальное творчество масс  |e тенденции и задачи перестройки массового сознания  |f Академия общественных наук при ЦК КПСС ; под ред. А. А. Коробейникова 
210 |a Москва  |c Мысль  |d 1989 
215 |a 218 с. 
333 |a Исключено из фонда НТБ ТПУ 
702 1 |a Коробейников  |b А. А.  |4 340 
712 0 2 |a Академия общественных наук при ЦК КПСС  |9 25033 
801 0 |a RU  |b RuMRKP  |c 19960704  |g psbo 
801 1 |a RU  |b 63413507  |c 20140306 
801 2 |a RU  |b 63413507  |c 20220413  |g RCR 
942 |c BK